| 000 | 00523nmm a2200157Ia 4500 | ||
|---|---|---|---|
| 008 | 251105s9999||||xx |||||||||||||||||und|| | ||
| 020 | _a9580601755 | ||
| 041 | _aspa | ||
| 100 | _aBarco Vargas, Virgilio | ||
| 245 | 0 |
_aDos años de cambio : _b Eficiencia, responsabilidad, participación, solidaridad y justicia social |
|
| 264 |
_a[Bogotá, Colombia] : _bOveja Negra, _c1988 |
||
| 300 | _a313 páginas | ||
| 650 | _aPolitical Science (General) | ||
| 856 | _uhttps://public.digitaliapublishing.com/a/30109 | ||
| 942 | _cCF | ||
| 999 |
_c74382 _d74382 |
||